Statistiche per Un'estate italiana

Clicka qui per fare il quiz!

Statistiche generali

  • Questo quiz è stato fatto 79 volte
  • Il punteggio medio è 11 su 16

Statistiche sulle risposte

% Corretto
Sotto il {cielo} di un’estate italiana
88%
A cambiare le regole del {gioco}
87%
{Notti} {magiche}, inseguendo un gol
87%
Senza frontiere, con il cuore in {gola}
82%
Un’estate, un’avventura {in} {più}.
79%
E negli occhi tuoi, {voglia} {di} {vincere}.
78%
Ma voglio viverla così quest’{avventura}
72%
E che ti porta sempre più {lontano}.
66%
È un sogno che comincia da {bambino},
61%
Forse non sarà una {canzone}
60%
Il mondo in una giostra di {colori}
60%
E sciogle in un abbraccio la {follia}
58%
E il vento accarezza le {bandiere}
57%
Arriva un {brivido} e ti trascina via
52%
Escono i ragazzi e {siamo} {noi}.
52%
Non è una favola, e dagli {spogliatoi}
51%

Distribuzione punteggi

Percentile per numero di risposta

Percentuale di utenti per punteggio

I tuoi punteggi nel tempo

Non hai fatto questo quiz